Aviso al pueblo acerca de su salud / (Record no. 6203)

MARC details
000 -LEADER
campo de control de longitud fija 00777nam a2200253 i 4500
001 - NÚMERO DE CONTROL
campo de control 6203
003 - IDENTIFICADOR DE NÚMERO DE CONTROL
campo de control ES-MaACL
005 - FECHA Y HORA DE LA ÚLTIMA TRANSACCIÓN
campo de control 20250724015100.0
007 - CAMPO FIJO DE DESCRIPCIÓN FÍSICA--INFORMACIÓN GENERAL
campo de control de longitud fija t|
008 - DATOS DE LONGITUD FIJA--INFORMACIÓN GENERAL
campo de control de longitud fija 890825s1988 sp ||||1| spa d
020 ## - NÚMERO INTERNACIONAL ESTÁNDAR DEL LIBRO
Número Internacional Estándar del Libro 84-404-3661-0
080 ## - NÚMERO DE LA CLASIFICACIÓN DECIMAL UNIVERSAL
Número de la Clasificación Decimal Universal 61(035.3)"17"
100 1# - ENTRADA PRINCIPAL--NOMBRE DE PERSONA
Nombre de persona Tissot, Samuel Auguste André David.
9 (RLIN) 110344
245 10 - MENCIÓN DEL TÍTULO
Título Aviso al pueblo acerca de su salud /
Mención de responsabilidad, etc. Mr. Tissot.
250 ## - MENCION DE EDICION
Mención de edición [Ed. facs.].
260 ## - PUBLICACIÓN, DISTRIBUCIÓN, ETC.
Lugar de publicación, distribución, etc. Madrid :
Nombre del editor, distribuidor, etc. V.A.R. Producciones Editoriales,
Fecha de publicación, distribución, etc. 1988.
300 ## - DESCRIPCIÓN FÍSICA
Extensión [32], 634 p. ;
Dimensiones 22 cm.
500 ## - NOTA GENERAL
Nota general Edicion facs. de la de 1761.
650 14 - PUNTO DE ACCESO ADICIONAL DE MATERIA--TÉRMINO DE MATERIA
Término de materia o nombre geográfico como elemento de entrada Medicina-
Subdivisión de forma Obras anteriores a 1800
9 (RLIN) 14912
655 #7 - TERMINO DE INDIZACIÓN--GENERO/FORMA
Fuente del término tgfbne
9 (RLIN) 226495
Datos o término principal de género/forma Facsímiles
852 ## - LOCALIZACIÓN
Ubicación ES-MaACL
Número de control de estantería L-13324
Sublocalización o colección R.116715
Nota libre . - piel
942 ## - ELEMENTOS DE ENTRADA SECUNDARIOS (KOHA)
Fuente del sistema de clasificación o colocación Clasificación decimal universal
Holdings
Estatus retirado Estado de pérdida Estado de daño No para préstamo Biblioteca de origen Biblioteca actual Ubicación en estantería Fecha de adquisición Fuente de adquisición Total de préstamos Signatura topográfica completa Código de barras Visto por última vez Precio de reemplazo Tipo de ítem Koha
        Biblioteca del Ateneo de Madrid Biblioteca del Ateneo de Madrid Depósito 2 17/01/2008     L-13324 1006314 23/02/2023 23/02/2023 Libro impreso